Všeobecné podmienky efektívnosti spotrebiteľov na trhu produktov sieťových odvetví

Analýza modelu správania sa spotrebiteľa na trhu sieťových odvetví a otázky efektívnosti tohto špecifického trhu, ktoré sú prezentované prostredníctvom podmienok optimálnosti Kuhna – Tuckera pre všeobecnú optimalizačnú úlohu nelineárneho programovania maximalizácie funkcie užitočnosti spotrebiteľa...

Description complète

Enregistré dans:
Détails bibliographiques
Auteur principal: Fendek, Michal
Format: Chapitre de livre
Langue:slovaque
Sujets:
Tags: Ajouter un tag
Pas de tags, Soyez le premier à ajouter un tag!

MARC

LEADER 00000nla$a2200000$$$4500
001 0114697
005 20240502072259.5
041 0 |a slo 
044 |a SK 
245 1 0 |a Všeobecné podmienky efektívnosti spotrebiteľov na trhu produktov sieťových odvetví  |c Michal Fendek 
520 |a Analýza modelu správania sa spotrebiteľa na trhu sieťových odvetví a otázky efektívnosti tohto špecifického trhu, ktoré sú prezentované prostredníctvom podmienok optimálnosti Kuhna – Tuckera pre všeobecnú optimalizačnú úlohu nelineárneho programovania maximalizácie funkcie užitočnosti spotrebiteľa na trhu sieťových odvetví pri špecifickým spôsobom konštruovanej podmienke výdavkov spotrebiteľa na produkciu sieťového odvetvia. 
610 2 0 |a výskum operačný 
610 2 0 |a modelovanie 
610 2 0 |a programovanie nelineárne 
610 2 0 |a modely 
610 2 0 |a odvetvia sieťové 
610 2 0 |a spotrebitelia 
610 2 0 |a správanie spotrebiteľa 
610 2 0 |a výdavky 
100 1 |a Fendek, Michal